| 000 | 01406nam a2200265Ia 4500 | ||
|---|---|---|---|
| 999 |
_c52633 _d52633 |
||
| 001 | 19657 | ||
| 003 | GE_BSU | ||
| 005 | 20200314195537.0 | ||
| 008 | 181216s1983||||ge |||||||||||||| ||geo|| | ||
| 040 | _cGE_BSU | ||
| 041 | _ageo | ||
| 080 | _a27-788(=353.1)(495) ლ-82 | ||
| 100 |
_aლომოური, ნოდარ _95830 |
||
| 245 |
_aათონის ივერონი 1000 = Афонский Ивирон 1000 = Iviron on mount Athos 1000 / _c ნოდარ ლომოური ; რედ. გ. ჯიბლაძე. |
||
| 264 |
_aთბილისი : _bმეცნიერება, _c1983. |
||
| 300 |
_a48 გვ. : _bილუსტრაციები (შავ–თეთრი , ფერადი) ; _c21 სმ. |
||
| 541 | _h2ლ. | ||
| 653 | _aრელიგია | ||
| 653 | _aქართული მონასტრები უცხოეთში. ათონის შესახებ. | ||
| 700 |
_a ჯიბლაძე, გ. _eრედაქტორი _97728 |
||
| 710 |
_aსაქართველოს სსრ მეცნიერებათა აკადემია _97729 |
||
| 710 |
_aთბილისის სახელმწიფო უნივერსიტეტი _97730 |
||
| 710 |
_a საქართველოს სსრ მწერალთა კავშირი _97731 |
||
| 942 |
_cBK _2udc |
||